000 00674nam a2200253Ia 4500
005 20250425162607.0
008 250425s9999 xx 000 0 und d
020 _a9789942998651
041 _aspa
082 _a597.176
100 _aVALDIVIESO RIVERA, JONATHAN
245 0 _aGUIA DE PECES DE LIMONCACHA
250 _a1A ED.
260 _aEcuador
_bUNIVERSIDAD INTERNACIONAL SEK-ECUADOR
_c2012
260 _aS.L.
300 _a131
650 _aPECES DE AGUA DULCE
650 _aRESERVA BIOLOGICA LIMONCOCHA
700 _aALBARRACIN RODAS, MA
700 _aCARRILLO MORENO, CAROLINA
700 _aMADERA ARENDS, ROBERTO
942 _c01
010 _a88135
999 _c232436
_d232436